[Event "Lazne Bohdanec"]
[Site "Lazne Bohdanec"]
[Date "1997.??.??"]
[Round "8"]
[White "Stocek, Jiri"]
[Black "Meduna, Eduard"]
[Result "1/2-1/2"]
[WhiteElo "2450"]
[BlackElo "2460"]
[Annotator "Huebner,R"]
[PlyCount "84"]
[EventDate "1997.01.??"]
[EventType "tourn"]
[EventRounds "11"]
[EventCountry "CZE"]
[EventCategory "9"]
[SourceTitle "CBM 057"]
[Source "ChessBase"]
[SourceDate "1997.04.01"]
[SourceVersion "1"]
[SourceVersionDate "1997.04.01"]
[SourceQuality "1"]

1. d4 {Hecht} d5 2. c4 c6 3. Nc3 Nf6 4. Nf3 dxc4 5. g3 {In diesen Aufbau habe
ich kein übermäßiges Vertrauen. Weiß gibt den Bauern auf, ohne sich um eine
besondere Kompensation zu kümmern.} Bf5 6. Bg2 Nbd7 7. O-O e6 8. Nh4 Bg4 9. b3
Bb4 10. Bb2 Qa5 (10... Nb6 $5) 11. Qc2 cxb3 12. Qxb3 (12. axb3 $5 Qb6 13. e4)
12... Nd5 $6 (12... O-O 13. e4 e5 $17) 13. Nxd5 cxd5 14. e4 dxe4 (14... Be2 15.
exd5 (15. Rfc1 Bc4 $17) 15... Bxf1 16. dxe6 $13) 15. d5 $2 (15. Bxe4 O-O 16.
Qd3 Nf6 17. Bxb7 Rab8 18. Bg2 Rfd8 $15) 15... O-O $19 16. h3 Be2 17. Rfc1 exd5
18. Nf5 (18. Bxg7 Kxg7 19. Qb2+ d4 20. Qxe2 f5 {ist hoffnungslos für Weiß.})
18... d4 (18... f6 19. Bxe4 (19. Ne3 Bd2 20. Nxd5 Bxc1 {Weiß hat kein
wirksames Abzugsschach.}) 19... Bc4 20. Qd1 Ne5 {mit Gewinnstellung für
Schwarz. Der Textzug genügt natürlich auch.}) 19. Bxe4 Rae8 20. Qc2 Nf6 21.
Qxe2 Rxe4 22. Qf3 Qe5 (22... Qd5 $5) 23. Rc4 Bc5 24. Rd1 Rd8 25. Kg2 b6 $2 (
25... h5) 26. Bxd4 Bxd4 27. Rcxd4 Rexd4 28. Rxd4 Rxd4 29. Nxd4 Qd5 30. a3 Kf8
31. Nc6 a5 32. Qxd5 Nxd5 {[#] Hecht Remisschluß trotz schwarzem Mehrbauer am
D-Flügel?!?. Erste Analyse ergibt Gewinn für Schwarz!} 33. Kf3 f6 34. Ke4 Nc7
35. Kd3 Ke8 36. Ke4 Kd7 37. Nd4 g6 (37... b5 $5) 38. a4 Kd6 39. f4 h5 $6 (39...
Kc5 $19) 40. Nf3 Nd5 41. Nh4 Ne7 42. g4 hxg4 (42... hxg4 43. hxg4 {Die
Stellung des Schwarzen dürfte noch stets gewonnen sein.} b5 (43... Kc5 {Hecht}
44. Nxg6 (44. f5 g5 45. Ng6 Nc6 46. Nf8 Ne5 47. Ne6+ Kb4 48. Nxg5 Nxg4 49. Nh7
Kxa4 50. Kf4 Kb3 51. Kxg4 a4 52. Nxf6 a3 53. Ne4 a2 $19) (44. g5 fxg5 45. fxg5
Kb4 46. Ke5 Kxa4 47. Kf6 b5 48. Kxe7 b4 49. Nxg6 (49. Nf3 b3 50. Nd2 Kb4 51.
Kf6 a4 52. Kxg6 a3 53. Kf7 a2 54. g6 a1=Q 55. g7 Qa7+ $19) 49... b3 50. Nf4 b2
51. Ne2 Kb3 $19) 44... Nxg6 45. Kf5 Nxf4 46. Kxf4 b5 $19) 44. axb5 Kc5 {usw.})
1/2-1/2

[Event "Mermaid Beach Club"]
[Site "Bermuda"]
[Date "1997.??.??"]
[Round "4"]
[White "Vescovi, Giovanni P"]
[Black "Hellsten, Johan"]
[Result "1-0"]
[WhiteElo "2490"]
[BlackElo "2485"]
[Annotator "Huebner,R"]
[PlyCount "87"]
[EventDate "1997.01.??"]
[EventType "tourn"]
[EventRounds "11"]
[EventCountry "BER"]
[EventCategory "11"]
[SourceTitle "CBM 058"]
[Source "ChessBase"]
[SourceDate "1997.06.01"]
[SourceVersion "1"]
[SourceVersionDate "1997.06.01"]
[SourceQuality "1"]

1. d4 d5 2. c4 c6 3. Nf3 Nf6 4. Nc3 a6 5. c5 Bf5 6. Qb3 Qc8 (6... Ra7 7. Bf4
Nbd7 8. e3 Nh5 9. Be2 Nxf4 10. exf4 e6 11. Ne5 Nxe5 12. fxe5 Be7 $11 {1/2-1/2
Schoen,W-Pieper Emden,C/NRW-II 1994 (59)}) 7. h3 h6 $6 {Im folgenden legt Weiß
die Nachteile dieses Zuges überzeugend bloß. In den bisherigen Beispielen mit
dieser Variante folgte} (7... Nbd7 8. Bf4 e6 9. e3 Be7 10. Be2 O-O 11. O-O Re8
{mit Ausgleich (L. van Wely-Short, Groningen 1996 und Stocek, J- Keitlinghaus,
L, Lazne Bohdanec 1997). Aber auch bei dieser Fortsetzung kommt es in Betracht,
den Plan zu versuchen, den der Weiße in der vorliegenden Partie verwirklicht.})
8. Bf4 Nbd7 9. e3 e6 10. g4 {Dies ist eine neue Idee; sie gefällt mir gut.} Bh7
(10... Be4 $5 {ist erwägenswert.}) 11. Na4 Be4 12. Be2 Be7 13. Rg1 Bxf3 {
In dieser Stellung wäre es für Schwarz offenbar zu gefährlich, kurz zu
rochieren. Deshalb fehlt es ihm an der Möglichkeit, den thematischen Vorstoß
e6-e5 unter befriedigenden Umständen durchzusetzen.} 14. Bxf3 Bd8 15. O-O-O Bc7
16. h4 g6 $6 (16... e5 17. dxe5 Bxe5 18. Nb6 Nxb6 19. Bxe5 {führt zu einer für
Schwarz hoffnungslosen Stellung; aber}) (16... Bxf4 17. exf4 Qc7 {konnte aber
vielleicht versucht werden.}) 17. g5 Bxf4 18. exf4 hxg5 (18... Ng8 19. h5 {
ist fatal für Schwarz.}) (18... Nh5 19. f5 {ebenso.}) 19. hxg5 Ng8 20. Rh1 {
Die Öffnung der h-Linie erweist sich nun als unangenehm für Schwarz.} Rxh1 21.
Rxh1 Qc7 22. Qe3 O-O-O 23. Rh7 Rf8 24. Bg4 Kd8 25. b4 Ne7 26. Nb2 a5 27. a3
axb4 28. axb4 Qb8 29. Nd3 Qa8 30. Kd2 Nf5 31. Bxf5 exf5 32. Ke2 Qa2+ 33. Kf3
Qb3 34. Qd2 Qc4 35. Ne5 Nxe5+ 36. fxe5 Qf1 $2 ({Nach} 36... Re8 37. Kg2 (37.
Rxf7 Rxe5 {ist dem Weißen nicht anzuraten.}) 37... Re7 38. Qf4 {wird der
Durchbruch e5-e6 entscheidend sein.}) ({Mit} 36... Ke7 {konnte Schwarz jedoch
Widerstand leisten:} 37. e6 Kxe6 38. Kg2 Kd7 39. Qf4 Kc8 40. Qd6 Rd8 41. Qe5
Qc1 {und Weiß kann die Dauerschachdrohungen wohl nicht parieren.}) 37. e6 Qg1 (
37... fxe6 38. Qf4 Qd1+ (38... Qd3+ 39. Kg2 Qe4+ 40. Kg3 {ist hoffnungslos für
Schwarz.}) 39. Kg2 Qg4+ 40. Qxg4 fxg4 41. Rg7 Rf4 42. Rxg6 Rxd4 (42... Ke7 43.
Rg7+ Kf8 44. Rxb7 Rxd4 45. b5 cxb5 46. c6 Rc4 47. c7 Ke8 48. g6 $18) 43. Rxe6
Kd7 44. Re5 Rxb4 45. g6 Ra4 46. Kg3 {sieht auch unhaltbar für Schwarz aus,
hätte aber dem Weißen noch genaues Spiel abverlangt.}) 38. Qf4 Qg4+ 39. Qxg4
fxg4+ 40. Kxg4 Ke7 (40... fxe6 41. f4 {ist hoffnungslos für Schwarz:} Kc8 42.
Rg7 {usw.}) 41. Rxf7+ Rxf7 42. exf7 Kxf7 43. Kf4 Ke6 44. f3 1-0

[Event "EU-ch 2nd"]
[Site "Ohrid"]
[Date "2001.06.05"]
[Round "5"]
[White "Jobava, Baadur"]
[Black "Avrukh, Boris"]
[Result "0-1"]
[WhiteElo "2543"]
[BlackElo "2600"]
[Annotator "Huebner,R"]
[PlyCount "64"]
[EventDate "2001.06.01"]
[EventType "swiss"]
[EventRounds "13"]
[EventCountry "YUG"]
[SourceTitle "CBM 084"]
[Source "ChessBase"]
[SourceDate "2001.09.13"]
[SourceVersion "1"]
[SourceVersionDate "2001.09.13"]
[SourceQuality "1"]

1. d4 d5 2. c4 c6 3. Nf3 Nf6 4. Nc3 a6 5. e3 b5 6. b3 Bg4 7. Bb2 e6 8. Be2 Nbd7
9. h3 Bf5 10. O-O Bd6 11. Bd3 Bg6 12. Qe2 O-O 13. Bxg6 hxg6 14. Rfd1 Rc8 15.
Rac1 Qe7 16. Rc2 dxc4 17. bxc4 e5 18. d5 Nb6 19. cxb5 cxb5 20. e4 Nc4 21. Ba1
Bc5 22. Nb1 Nh5 23. a4 Nf4 24. Qf1 f5 25. axb5 $2 {Der Punkt e4 mußte
unbedingt verteidigt werden:} (25. Qe1 {mit Überlebensaussichten.}) 25... fxe4
26. d6 {Weiß versucht, im Trüben zu fischen.} (26. Rxc4 exf3 27. g3 Ne2+ 28.
Kh2 axb5 29. Re4 Qa7 {führt zu baldigem Zusammenbruch.}) 26... Nxd6 $6 ({
Die Folge} 26... Bxd6 27. Rxc4 exf3 28. Rxc8 Rxc8 {läßt Weiß in einer
hoffnungslosen Lage.}) 27. Bxe5 $2 (27. Nxe5 axb5 28. g3 {war zäher.}) 27...
exf3 $19 28. Rxc5 fxg2 29. Qe1 Rxc5 30. Bxd6 Nxh3+ 31. Kxg2 Qb7+ 32. Kh2 Rxf2+
0-1

[Event "Sigeman & Co 03rd"]
[Site "Malmo"]
[Date "1995.??.??"]
[Round "3"]
[White "Sadler, Matthew D"]
[Black "Hellsten, Johan"]
[Result "0-1"]
[WhiteElo "2575"]
[BlackElo "2420"]
[Annotator "Huebner,R"]
[PlyCount "70"]
[EventDate "1995.05.??"]
[EventType "tourn"]
[EventRounds "9"]
[EventCountry "SWE"]
[EventCategory "12"]
[SourceTitle "CBM 048"]
[Source "ChessBase"]
[SourceDate "1995.10.01"]
[SourceVersion "1"]
[SourceVersionDate "1995.10.01"]
[SourceQuality "1"]

1. d4 d5 2. c4 c6 3. e3 Nf6 4. Nc3 a6 5. Nf3 b5 6. b3 Bg4 7. Be2 e6 8. O-O Be7
9. Ne5 Bxe2 10. Qxe2 O-O 11. Bb2 Ra7 12. Rac1 Nfd7 13. f4 Nxe5 14. fxe5 Nd7 15.
cxd5 cxd5 16. Nd1 Qb8 17. Nf2 Rc8 18. e4 Rxc1 19. Bxc1 Nf8 20. exd5 exd5 21.
Qf3 Bd8 22. Qxd5 Rd7 23. Qe4 Ne6 24. Bb2 $2 (24. Be3 Bb6 25. Rd1 Qa7 {ist
nicht klar, aber}) (24. d5 Nc5 25. Qd4 Bb6 26. d6 {läßt Weiß im Vorteil; auf}
Nxb3 {folgt} 27. Qg4 Nc5 28. Kh1 {mit starkem Angriff.}) 24... Bb6 25. d5 Qa8
26. Rd1 Nc7 27. Bd4 Rxd5 28. Rd3 Bxd4 29. Rxd4 Rxd4 30. Qxd4 Ne6 31. Qe4 Qa7
32. Kf1 h6 33. Nd3 Ng5 34. Qf4 Qd7 35. Ke2 Qc6 0-1

[Event "Sigeman & Co 03rd"]
[Site "Malmo"]
[Date "1995.??.??"]
[Round "1"]
[White "Vescovi, Giovanni P"]
[Black "Hellsten, Johan"]
[Result "1/2-1/2"]
[WhiteElo "2465"]
[BlackElo "2420"]
[Annotator "Huebner,R"]
[PlyCount "109"]
[EventDate "1995.05.??"]
[EventType "tourn"]
[EventRounds "9"]
[EventCountry "SWE"]
[EventCategory "12"]
[SourceTitle "CBM 048"]
[Source "ChessBase"]
[SourceDate "1995.10.01"]
[SourceVersion "1"]
[SourceVersionDate "1995.10.01"]
[SourceQuality "1"]

1. d4 d5 2. c4 c6 3. Nf3 Nf6 4. Nc3 a6 5. Ne5 g6 6. g3 (6. Bf4 Bg7 7. e3 Nh5 8.
Bg3 Nxg3 9. hxg3 Nd7 10. Nxd7 Qxd7 11. cxd5 cxd5 12. Qb3 e6 13. Na4 Qd8 14. Bd3
$14 {Alterman,B-Titov,G, Manila olm 1992, TD 92/02.}) (6. cxd5 cxd5 7. g3 (7.
Bg5 Bg7 8. Qb3 Nc6 9. Rd1 Na5 10. Qa3 $14 {Dao Thien Hai-Varga,Zo, Budapest
1995, EXP 46.}) 7... Bg7 8. Bg2 O-O 9. O-O b5 (9... e6 {wie in der Partie
Yermolinsky,A-Kogan,B, Ashville 1992 geschah, ist sicherer.}) 10. Qb3 Bb7 11.
Bg5 e6 {mit der Absicht} (11... Ne4 $2 12. Bxe7 Qxe7 13. Nxd5 Qe6 14. Bxe4 Rd8
15. Nf6+ $16 {Kortschnoj,V-Epishin,V, Madrid 1995.}) (11... Nc6 12. Rad1 {
Auch 12.e3 ist nicht schlecht.} e6 (12... Na5 13. Qb4 e6 14. Ng4 Nc6 15. Qc5 h5
16. Bxf6 Bxf6 17. Nxf6+ Qxf6 18. e4 $16) 13. e4 (13. Ng4 h5 14. Nxf6+ Bxf6 15.
Bxf6 Qxf6 16. e3 {überläßt dem Weißen nur einen kleinen Vorteil.}) 13... Ne7 (
13... h6 14. Bxf6 Bxf6 15. Nxc6 (15. exd5 Nxd4 {ist befriedigend für Schwarz.})
15... Bxc6 16. exd5 {kostet den Schwarzen auch einen wertvollen Bauern.}) 14.
exd5 Nexd5 (14... Nfxd5 15. Nxd5 Bxd5 16. Bxd5 exd5 17. Bxe7 Qxe7 18. Qxd5 {
ist unerfreulich für Schwarz.}) 15. Ng4 {Schwarz ist in Schwierigkeiten.}) 12.
a4 Nc6 {ist vielleicht spielbar. Schwarz hat aber jedenfalls einige Probleme
in der Eröffnung.}) 6... Bg7 (6... dxc4 $5) 7. Bg2 (7. cxd5 $5) 7... O-O {
In der Partie Browne,W-Christiansen,L, USA ch 1994, spielte Schwarz sofort 7...
dc4, so daß Weiß nicht mit 8.cd5 in die Stellung aus der Partie Kortschnoj,
V-Epishin,V, Madrid 1995, übergehen konnte.} 8. O-O {Besseres Aussichten
gewährt vermutlich der Zug 8.cd5 in Analogie zur Partie Kortschnoj-Epishin,
Madrid 1995 (s.o.).} dxc4 {So erhält Schwarz dynamisches Gegenspiel im Zentrum.
} 9. Nxc4 Be6 10. Ne5 Nbd7 11. Nd3 Bc4 {Durch Zugumstellung ist eine Stellung
aus der Partie Browne,W-Christiansen,L, USA ch 1994, erreicht worden. Dort
folgte 11...Nd5 12.e4 Nc3 13.bc3 mit leichtem Vorteil für Weiß.} 12. b3 Bxd3
13. Qxd3 e5 14. dxe5 Nxe5 15. Qc2 Qe7 16. Bb2 $14 Rad8 17. Rad1 Rxd1 18. Rxd1
Rd8 19. h3 Rxd1+ 20. Nxd1 Ne8 21. f4 Nd7 22. Bc1 Qc5+ 23. Qxc5 Nxc5 24. Ba3 Bf8
25. e4 Nd3 26. Bxf8 Kxf8 27. Bf1 Nc5 28. e5 f6 29. exf6 Nxf6 30. Kg2 Nce4 31.
Bd3 Ke7 32. Kf3 Nd6 33. Ne3 a5 34. g4 Nd7 35. g5 Nc5 36. Bb1 Ne6 37. h4 Ng7 38.
Kg4 Ke6 39. h5 Nxh5 40. f5+ Kf7 41. Ng2 Ng7 42. fxg6+ hxg6 43. Nh4 Nb5 44.
Bxg6+ Kf8 45. Kf4 Nc3 46. a3 Ne6+ 47. Kf5 Nd4+ 48. Ke5 Nxb3 49. Nf5 Nd2 50. Bh5
Nd5 51. Be2 b5 52. Bxb5 cxb5 53. Kxd5 b4 54. axb4 axb4 55. Nd4 1/2-1/2

[Event "Hastings 0203 78th"]
[Site "Hastings"]
[Date "2002.12.31"]
[Round "4"]
[White "Nielsen, Peter Heine"]
[Black "Flear, Glenn C"]
[Result "1-0"]
[WhiteElo "2620"]
[BlackElo "2527"]
[Annotator "Huebner,R"]
[PlyCount "79"]
[EventDate "2002.12.28"]
[EventType "tourn"]
[EventRounds "9"]
[EventCountry "ENG"]
[EventCategory "12"]
[SourceTitle "CBM 093"]
[Source "ChessBase"]
[SourceDate "2003.04.01"]
[SourceVersion "1"]
[SourceVersionDate "2003.04.01"]
[SourceQuality "1"]

1. d4 d5 2. c4 c6 3. Nf3 Nf6 4. Nc3 a6 5. e3 b5 6. b3 Bg4 7. h3 Bxf3 8. gxf3
Nbd7 9. f4 e6 10. c5 g6 11. Bd3 Bg7 12. Qc2 Ng8 13. Bb2 Ne7 14. O-O-O Nf5 15.
Ne2 Qh4 {Dies kostet lediglich Zeit.} (15... Nh4 $11 {ist solide genug.}) 16.
Ng1 Qe7 17. Nf3 Nh4 18. Qe2 O-O $6 {Dies gefällt mir überhaupt nicht: warum
stellt Schwarz seinen König in einen Gefahrenbereich?} (18... Bf6 19. Ne5 Nxe5
20. fxe5 Bg7 $11) 19. Rdg1 Bf6 20. Ng5 h6 $2 {Dies ist schon ganz
unverantwortlich. Nach} (20... Bg7 {mit der Absicht Sd7-f6 hat Schwarz immer
noch Aussichten, die Stellung zusammenzuhalten. Jetzt ist seine Bauernstruktur
am Königsflügel auch noch brüchig.}) 21. Nf3 Nxf3 22. Qxf3 Kh8 23. h4 Rg8 24.
Kb1 {Weiß verstärkt seine Stellung in aller Ruhe. Nach} (24. e4 dxe4 25. Bxe4
Rac8 {scheitert} 26. Bxc6 {an} Nxc5 {so daß Schwarz noch Widerstand leisten
kann.}) 24... Rg7 $2 {Schwarz mußte sich gegen den Vorstoß e3-e4 wappnen.} (
24... Rac8 25. h5 g5 {bot bessere Aussichten auf Lebensrettung.}) 25. e4 Bxh4 (
{Hoffnungslos ist auf die dauer auch} 25... dxe4 26. Bxe4 Rc8 27. h5 g5 28.
fxg5 Bxg5 29. Bxc6) 26. Qg4 Bf6 {Es gibt keine Rettung:} (26... dxe4 27. Bxe4
f5 28. Qxh4 Qxh4 29. Rxh4 fxe4 30. d5) (26... Bxf2 27. Rg2 dxe4 28. Bxe4 f5 (
28... Nf6 29. Rxh6+ Rh7 30. Qh3 {ist nicht besser.}) 29. Rxh6+ Kg8 30. Qh3) 27.
e5 $18 Rh7 28. exf6 Qxf6 29. Bc1 a5 30. f5 exf5 31. Qf4 h5 32. Qc7 Nf8 33. Bf4
Kg8 34. Qe5 Qxe5 35. Bxe5 Ne6 36. Bxf5 Re8 37. f4 Kf8 38. Bc2 Rh6 39. f5 gxf5
40. Bd6+ 1-0

[Event "RUS-ch 53rd"]
[Site "Samara"]
[Date "2000.06.22"]
[Round "6"]
[White "Zakharevich, Igor"]
[Black "Burmakin, Vladimir"]
[Result "1-0"]
[WhiteElo "2486"]
[BlackElo "2567"]
[Annotator "Huebner,R"]
[PlyCount "103"]
[EventDate "2000.06.03"]
[EventType "swiss"]
[EventRounds "11"]
[EventCountry "RUS"]
[SourceTitle "CBM 078"]
[Source "ChessBase"]
[SourceDate "2000.10.18"]
[SourceVersion "1"]
[SourceVersionDate "2000.10.18"]
[SourceQuality "1"]

1. d4 d5 2. Nf3 Nf6 3. c4 c6 4. Nc3 a6 5. a4 e6 6. Bg5 Nbd7 7. cxd5 exd5 8. e3
Qa5 9. Bd3 Ne4 10. O-O {Weiß gibt das Läuferpaar auf. Sein Aufbau scheint mir
nicht besonders nachhaltig zu sein.} Nxg5 11. Nxg5 Nf6 12. Qc2 (12. e4 dxe4 13.
Ngxe4 Nxe4 14. Bxe4 Be6 15. Qc2 Bb4 16. Rad1 Rd8 17. Rfe1 Kf8 18. Qc1 h5 19. h3
Rh6 20. Bb1 h4 21. Re4 Bd6 22. Rde1 Bb8 23. Qe3 Qc7 24. f4 Rf6 25. Ba2 Rxf4 26.
Rxe6 fxe6 27. Qxe6 Rf7 28. Qxf7+ Qxf7 29. Bxf7 Kxf7 30. Re4 Ba7 31. Ne2 g5 32.
Kf2 Kf6 33. Ke3 c5 34. Kd3 cxd4 35. Nxd4 {1/2-1/2 Cebalo,M-Godena,M/Mendrisio
1999/EXT 2000 (35)}) 12... h6 13. Nf3 Bd6 14. h3 Qc7 15. Nd2 O-O 16. Rab1 Bd7 {
Es ist mir unklar, warum Schwarz b2-b4 zuläßt. Nach} (16... a5 {hat er eine
sehr angenehme Stellung.}) 17. b4 a5 18. bxa5 {Vorzuziehen ist} (18. b5 cxb5
19. Bxb5 Rac8 20. Bxd7 Nxd7 (20... Qxd7 21. Qd3) 21. Rb3 {mit Aussichten auf
Vorteil für Weiß.}) 18... Rxa5 19. Rfc1 Rb8 (19... Rfa8 {ist plausibler.} 20.
Qb3 Bc8 21. Nb5 Bh2+ 22. Kh1 Qb8 23. Nc3 Bd6 {führt zu nichts.}) 20. f4 $6 {
Der Textzug verbessert die Bauernstellung des Weißen nicht.} (20. Nb5 cxb5 21.
Qxc7 Bxc7 22. Rxc7 bxa4 {ist natürlich nicht empfehlenswert für Weiß, aber nach
}) (20. Nb3 Raa8 21. Ra1 {ist die Stellung ausgeglichen.}) 20... Re8 21. Re1
Rc8 {Dieser Zug ist für mich ganz mysteriös.} 22. Nb3 Raa8 23. Nc5 Bxc5 24.
dxc5 Qa5 25. Ne2 Rcb8 26. Ra1 b5 $4 {Dies ist eine krasse Fehleinschätzung.
Nach} (26... b6 27. cxb6 (27. Rec1 Re8 {ist nicht erfreulicher für Weiß.})
27... c5 {hat Schwarz ein angenehmes Leben.}) 27. axb5 $18 Qxa1 28. Rxa1 Rxa1+
29. Kh2 cxb5 30. c6 Bc8 31. Qb2 Raa8 32. Qe5 Ba6 33. Nd4 Re8 34. Qd6 Rxe3 35.
c7 Ree8 36. Nf5 {Eine Vielzahl der folgenden Züge ist für mich schwer
verständlich.} Ne4 37. Qxd5 Nf6 38. Qd6 Bb7 39. Qb6 Bc8 40. Nd6 Rf8 41. Qc5 Ra2
42. Bf1 Be6 43. c8=Q Bxc8 44. Nxc8 Rd8 45. Nd6 Kh8 46. Bxb5 {Stärker ist
offensichtlich} (46. Nxf7+) 46... Rb2 47. Qc7 Rf8 48. Bc6 Rd2 49. Nf5 Kh7 50.
Qe7 Rdd8 51. Nd6 Kg8 52. Nxf7 1-0